Figure Out the Lyrics (Beatles 11) Quiz Stats

 Plays Quiz Updated Dec 18, 2018

Score 0/113 Timer 10:00
5 Plays Today
% Correct
I
97.8%
the
97.8%
I
97.8%
and
97.8%
I
97.8%
and
97.8%
I
97.8%
I
97.8%
I
97.8%
the
97.8%
a
97.8%
you
91.4%
you
91.4%
love
87.9%
love
87.9%
'Love
87.9%
love
87.9%
love
87.9%
me,
80.8%
me,
80.8%
me
80.8%
to
79.2%
to
79.2%
to
79.2%
to
79.2%
to
79.2%
to
79.2%
can
73.6%
can
73.6%
can
73.6%
she
70.7%
in
70.6%
in
70.6%
in.
70.6%
go
67.3%
on;
65.1%
your
62.6%
your
62.6%
% Correct
your
62.6%
your
62.6%
will
60%
If
59.8%
sa-a-ay,
59.6%
sa-a-ay,
59.6%
say
59.6%
my
58.9%
see
56.9%
all
53.4%
can't
52.7%
How
51%
How
51%
way'?
49%
hear
48.9%
hear
48.9%
them
47.1%
them
47.1%
them,
47.1%
them
47.1%
find
46.9%
at
46.6%
got
45.8%
got
45.8%
got
45.8%
got
45.8%
'HEY!
44.9%
HEY!
44.9%
'HEY!
44.9%
HEY!
44.9%
could
44.9%
away.
43.8%
away.'
43.8%
away.
43.8%
away.'
43.8%
Here
43.2%
You've
41.8%
You've
41.8%
% Correct
You've
41.8%
You've
41.8%
day.
41.8%
hide
41.1%
hide
41.1%
hide
41.1%
hide
41.1%
hand;
41.1%
let
39.3%
stand,
39.1%
I'm
38.1%
never
36.7%
every
35.7%
two
34.6%
head
34.1%
face
32.9%
gone,
32.8%
try?
31.8%
wall.
31.5%
she's
31.5%
laugh
31.3%
even
31%
turn
30.7%
win.
29.8%
people
28.5%
feeling
28.4%
small.
27.4%
each
27.4%
foot
26.8%
state
26.8%
stare;
25.6%
round,
23.6%
clowns;
23.5%
Gather
23.1%
Everywhere,
22.2%
seeing
22%
Hearing
20.7%

You're not logged in!

Compare scores with friends on all Sporcle quizzes.
OR
Log In

Sporcle TV

Today on Sporcle TV


Watch our educational content, quiz creation guides, and fun videos on Sporcle TV.

Show Comments

Extras

Top Quizzes Today


Score Distribution

Your Account Isn't Verified!

In order to create a playlist on Sporcle, you need to verify the email address you used during registration. Go to your Sporcle Settings to finish the process.

Report this User

Report this user for behavior that violates our Community Guidelines.

Details: